000 01043pam a2200325 i 4500
999 _c2015
_d2015
001 018365875
003 Uk
005 20230228135246.0
008 170329s2017 enka j 000|1|eng|d
015 _aGBB791436
_2bnb
016 7 _a018365875
_2Uk
020 _a9780857075130
_qpaperback
040 _aStDuBDS
_beng
_cStDuBDS
_dUk
_dKH8
_erda
042 _aukblcatcopy
082 0 4 _a823.92 JON
_223
100 1 _aJones, Pip
_c(Children's story writer),
_eauthor.
245 1 0 _aIzzy Gizmo /
_cPip Jones and Sara Ogilvie.
264 1 _aLondon :
_bSimon & Schuster Children's,
_c2017.
300 _a32 unnumbered pages :
_bchiefly illustrations (colour) ;
_c27 cm
336 _atext
_2rdacontent
336 _astill image
_2rdacontent
337 _aunmediated
_2rdamedia
338 _avolume
_2rdacarrier
500 _aillustrations on lining papers.
500 _aFormerly CIP.
_5Uk
530 _aAlso issued online.
655 7 _aChildren's stories
_vPictorial works.
_2gsafd
700 1 _aOgilvie, Sara,
_d1971-
_eauthor.
942 _2ddc
_cFIC